000 00476nam a22001577a 4500
005 20251108175646.0
008 250721s2018 xx 000 0 ara d
082 1 4 _a952/ريش
100 1 _aريشاور، ادوين
245 1 0 _aتاريخ اليابان من الجذور حتى هيروشيما /
264 1 _aدمشق :
_bدار و مؤسسة رسلان،
_c2018.
300 _a184ص.
650 1 7 _aتاريخ اليابان
942 _2ddc
_cBK
999 _c139356
_d139356